LEADER 02387nam 2200505 450 001 996523367503316 005 20230508133947.0 010 $a9788794125130$bhf. 035 $a(EXLCZ)9926570973300041 100 $a20000000d2022 my| 0 101 0 $adan 200 00$aDanmark i EU $e50 år fortalt gennem folkeafstemninger 210 $a[Allingåbro] $cDEO$d2022 215 $a56 sider $cill 225 1 $aSamfundstanker ;$v22 327 $gIndhold --$tFlaget følger flæsket :$tEF-folkeafstemningen i 1972 /$rKasper Tonsberg Schlie --$tDen skindøde union :$tafstemningen om EF-pakken i 1986 /$rStaffan Dahllöf --$tDanmarks kringlede vej mod unionen :$tafstemningerne om Maastricht- og Edinburgh-traktaten i 1992-1993 /$rJesper Vestermark Køber --$tDen store udvidelse :$tom Nice-traktaten og traumet fra euro-afstemningen /$rMichael Birkkjær Lauritsen --$tEt forhold med forbehold :$tafstemningerne om de danske EU-forbehold /$rRasmus Nørlem Sørensen. 330 8 $aOplysende bog om Danmarks forhold til EU belyst gennem diverse folkeafstemninger. Til den EU-interesserede læser. 410 0$aSamfundstanker ;$v22 606 $afolkeafstemninger$y1900-1999$y2000-2009$y2010-2019$y2020-2029$2dbcsh 606 $aeuropæisk samarbejde$y1900-1999$y2000-2009$y2010-2019$y2020-2029$2dbcsh 606 $aeuropapolitik$y1900-1999$y2000-2009$y2010-2019$y2020-2029$2dbcsh 606 $aunionspolitik$y1900-1999$y2000-2009$y2010-2019$y2020-2029$2dbcsh 606 $apolitiske forhold$y1900-1999$y2000-2009$y2010-2019$y2020-2029$2dbcsh 606 $ainternational politik$y1900-1999$y2000-2009$y2010-2019$y2020-2029$2dbcsh 606 $ahistorie$y1900-1999$y2000-2009$y2010-2019$y2020-2029$2dbcsh 606 $aEU 606 $aFolkeafstemninger 606 $ainternational politik 607 $aDanmark$y1900-1999$y2000-2009$y2010-2019$y2020-2029$2dbcsh 615 7$afolkeafstemninger 615 7$aeuropæisk samarbejde 615 7$aeuropapolitik 615 7$aunionspolitik 615 7$apolitiske forhold 615 7$ainternational politik 615 7$ahistorie 615 4$aEU 615 4$aFolkeafstemninger 615 4$ainternational politik 702 $aBønke Pedersen$b Morten$4edt$4led 702 $aSchlie$b Kasper$4ctb 712 02$aDEO 912 $a996523367503316 996 $aDanmark i EU$93091120 997 $aUNISA LEADER 05679nam 22007695 450 001 9910743253903321 005 20251113203522.0 010 $a981-16-4954-5 010 $a981-16-4955-3 010 $a981-16-4955-3 024 7 $a10.1007/978-981-16-4955-4 035 $a(MiAaPQ)EBC6950336 035 $a(Au-PeEL)EBL6950336 035 $a(CKB)21500788000041 035 $a(PPN)262171848 035 $a(OCoLC)1314617023 035 $a(DE-He213)978-981-16-4955-4 035 $a(EXLCZ)9921500788000041 100 $a20220409d2022 u| 0 101 0 $aeng 135 $aurcnu|||||||| 181 $ctxt$2rdacontent 182 $cc$2rdamedia 183 $acr$2rdacarrier 200 10$aModern Techniques of Rice Crop Production /$fedited by Naeem Sarwar, Atique-ur-Rehman, Shakeel Ahmad, Mirza Hasanuzzaman 205 $a1st ed. 2022. 210 1$aSingapore :$cSpringer Nature Singapore :$cImprint: Springer,$d2022. 215 $a1 online resource (856 pages) 225 1 $aBiomedical and Life Sciences Series 311 08$aPrint version: Sarwar, Naeem Modern Techniques of Rice Crop Production Singapore : Springer Singapore Pte. Limited,c2022 9789811649547 320 $aIncludes bibliographical references. 327 $aPart 1 Introduction -- 1 World Rice Production: An Overview -- 2 Climate Change and Global Rice Security -- Part 2 Agronomic Management -- 3 Techniques of Rice Nursery Establishment and Transplanting -- 4 Rice Seed and Seedling Priming -- 5 Nursery Management of Transplanted Rice -- 6 Rice Cultivation Systems -- 7 Smart Nutrient Management in Rice Crop -- 8 Irrigation Management in Rice -- 9 Rice-Based Cropping Systems -- 10 Rice Ontogeny -- 11 Rice Phenotyping -- 12 Rice Physiology under Changing Climate -- 13 Water-Wise Cultivation of Basmati Rice in Pakistan -- 14 Rice Interactions with Plant Growth Promoting Rhizobacteria -- 15 Plant Growth Regulators for Rice Production in Changing Environment -- 16 Salinity Tolerance in Rice -- 17 Rice Pollination -- Part 3 Plant Protection -- 18 Plant Protection Strategies in Rice Crop -- 19 Weed Management Strategies in Direct Seeded Rice -- 20 Contemporary Management of Insect Pests in Rice -- 21 Insect Chitin Biosynthesis and Regulation Using RNAi Technology -- 22 Integrated Management of Rice Diseases -- 23 Diversity and Management of Plant Viruses Infecting Rice -- 24 Botanical Extracts for Rice Fungal Diseases -- 25 Nanotechnology for Rice Fungal Diseases -- 26 Rice Nematodes and their Integrated Management -- Part 4 Advanced Technologies -- 27 Managing Greenhouse Gas Emission -- 28 Applications of Crop Modeling in Rice Production -- 29 Climate Change and Rice Production: Impacts and Adaptations -- 30 Rice Production and Crop Improvement Through Breeding and Biotechnology -- 31 Hybrid Rice Production -- 32 Rice Biotechnology -- 33 New Breeding Techniques (NBTs) for Improving Rice Grain Yield to Feed 10 Billion: Progress and Prospects -- 34 CRISPR/Cas9 for Rice Crop Improvement: Recent Progress, Limitations and Prospects -- Part 5 Nutritional Aspects -- 35 Rice Nutritional Aspects -- 36 Rice Grain Quality -- 37 Phytochemical Composition of Rice -- 38 Rice Based Products -- Part 6 Miscellaneous -- 39 Advances Approached to Mitigate Abiotic Stresses in Rice (Oryza sative L.) Crop -- 40 Is Geographical Indication System an Opportunity for Developping-8 (D-8) Countries? An Evaluation of Registered Rice Production. 330 $aThis book collects all the latest technologies with their implications on the global rice cultivation. It discusses all aspects of rice production and puts together the latest trends and best practices in the rice production. Rice is produced and consumed worldwide and especially an important crop for Asia. It is a staple food in majority of population living is this continent which distinguishes this from rest of the world. Climatic fluctuations, elevated concentrations of carbon dioxide, enhanced temperature have created extreme weather conditions for rice cultivation. Also, increasing pest attacks make situation complicated for the farmers. Therefore, rice production technology also has to be adjusted accordingly. This book is of interest to teachers, researchers, plant biotechnologists, pathologists, agronomists, soil scientists, food technologists from different part of the globe. Also, the book serves as additional reading material for students of agriculture, soil science, and environmental sciences. National and international agricultural scientists, policy makers will also find this to be a useful read. 410 0$aBiomedical and Life Sciences Series 606 $aAgriculture 606 $aAgronomy 606 $aAgricultural biotechnology 606 $aPlants 606 $aStress (Physiology) 606 $aPlant physiology 606 $aAgriculture 606 $aAgronomy 606 $aAgricultural Biotechnology 606 $aPlant Signalling 606 $aPlant Stress Responses 606 $aPlant Physiology 615 0$aAgriculture. 615 0$aAgronomy. 615 0$aAgricultural biotechnology. 615 0$aPlants. 615 0$aStress (Physiology) 615 0$aPlant physiology. 615 14$aAgriculture. 615 24$aAgronomy. 615 24$aAgricultural Biotechnology. 615 24$aPlant Signalling. 615 24$aPlant Stress Responses. 615 24$aPlant Physiology. 676 $a016.016 702 $aSarwar$b Naeem 801 0$bMiAaPQ 801 1$bMiAaPQ 801 2$bMiAaPQ 906 $aBOOK 912 $a9910743253903321 996 $aModern techniques of rice crop production$93559592 997 $aUNINA